Statistics for Fall Out Boy - From Under the Cork Tree Track List

Click here to take the quiz!

General Stats

  • This quiz has been taken 165 times
  • The average score is 6 of 13

Answer Stats

HintAnswer% Correct
Dance, Dance
94%
Sugar, We're Goin Down
62%
XO
56%
A Little Less Sixteen Candles, A Little More Touch Me
50%
Nobody Puts Baby In The Corner
50%
Our Lawyer Made Us Change The Name Of This Song So We Wouldn't Get Sued
50%
7 Minutes in Heaven
42%
Sophomore Slump Or Comeback Of The Year
38%
I Slept With Someone In Fall Out Boy And All I Got Was This Stupid Song Written About Me
36%
Of All The Gin Joints In All The World
36%
Champagne For My Real Friends, Real Pain For My Sham Friends
33%
Get Busy Living Or Get Busy Dying
26%
I've Got A Dark Alley And A Bad Idea That Says You Should Shut Your Mouth
24%

Score Distribution

Percentile by Number Answered

Percent of People with Each Score

Your Score History

You have not taken this quiz